000 00819nam a2200217Ii 4500
003 JO-AjNU
008 230605s9999||||xx |||||||||||||| ||und||
017 _a2013/4/1040
040 _aJO-AjNU
_bara
_erda
_cJO-AjNU
041 _aara
050 1 4 _aLB1043.S52 2013
100 3 _aالشلبي، جمال,
_eauthor
_951865
245 0 0 _aالإعلام والتعليم في الأردن في ظل العولمة
264 3 1 _aعمان: وزارة الثقافة، 2013
300 _a183ص
336 _atext
_btxt
_2rdacontent
337 _aunmediated
_bn
_2rdamedia
338 _avolume
_bnc
_2rdacarrier
490 0 _aمكتبة الاسرة الاردنية / مهرجان القراءة للجميع
650 4 _aالتعليم - الاردن - وسائل الاعلام - التعليم والعولمة
_951866
999 _aA22941
_c26509
_d26509